000 00847nam a2200265 i 4500
001 bg
245 0 0 _aEncyklopedia "białych plam".
_nT.16,
_pRozwód-Stronnictwo Narodowe /
_c[red. Marek Robert Górniak et al. ; aut. haseł Mariusz Affek et al.].
260 _aRadom :
_bPolskie Wydaw. Encyklopedyczne,
_c2005.
300 _a320 s. ;
_c24 cm.
500 _aNa okł. i grzb. tyt. t.: Ro-St.
504 _aBibliogr. przy hasłach.
650 9 _aEncyklopedia polska
700 1 _aGÓRNIAK, Marek Robert.
_eRed.
700 1 _aAFFEK, Mariusz
015 _aPB 6286/2005
020 _a8391206807 (całość)
020 _a8389862247 (t. 16)
040 _cBPK
041 0 _apol
080 _a0/9(03)
920 _a83-912068-0-7 (całość)
920 _a83-89862-24-7 (t. 16)
942 _cKS
008 s pl f |000 0 pol
999 _c46389
_d46389
856 _uhttp://koha.tu.koszalin.pl/cgi-bin/koha/opac-detail.pl?biblionumber=46389
_yKatalog online BPK